|
|
|
|
| LEADER |
00000nam0a2200000 4500 |
| 001 |
602522 |
| 005 |
20240110161953.0 |
| 029 |
1 |
0 |
|a SU
|b 1592993
|c А. с.
|
| 035 |
|
|
|a (RuTPU)RU\TPU\tpu\28417
|
| 035 |
|
|
|a RU\TPU\tpu\28416
|
| 039 |
0 |
|
|a RU
|b 4282157
|c 19870713
|
| 090 |
|
|
|a 602522
|
| 100 |
|
|
|a 20160524f k a0rusy50 ca
|
| 101 |
0 |
|
|a rus
|
| 102 |
|
|
|a RU
|
| 105 |
|
|
|a y k 000zy
|
| 200 |
1 |
|
|a Спец. тема
|f В. Г. Волков, В. Б. Сорокин, М. М. Штейн
|g Томский политехнический университет (ТПУ), Научно-исследовательский институт интроскопии (НИИ ИН)
|
| 300 |
|
|
|a заявл. 13.07.1987
|
| 333 |
|
|
|a В фонде НТБ ТПУ отсутствует
|
| 610 |
1 |
|
|a труды учёных ТПУ
|
| 610 |
1 |
|
|a авторские свидетельства
|
| 610 |
1 |
|
|a изобретения
|
| 701 |
|
1 |
|a Волков
|b В. Г.
|c физик
|c старший научный сотрудник Томского политехнического университета, кандидат технических наук
|f 1948-
|g Владимир Григорьевич
|3 (RuTPU)RU\TPU\pers\34390
|9 17845
|
| 701 |
|
1 |
|a Сорокин
|b В. Б.
|c физик
|c старший научный сотрудник Томского политехнического университета
|f 1946-
|g Владимир Борисович
|3 (RuTPU)RU\TPU\pers\28148
|
| 701 |
|
1 |
|a Штейн
|b М. М.
|c физик
|c заведующий лабораторией Томского политехнического университета, кандидат технических наук
|f 1938-
|g Михаил Михайлович
|3 (RuTPU)RU\TPU\pers\31481
|
| 712 |
0 |
2 |
|a Томский политехнический университет (ТПУ)
|b Научно-исследовательский институт интроскопии (НИИ ИН)
|3 (RuTPU)RU\TPU\col\863
|
| 801 |
|
1 |
|a RU
|b 63413507
|c 20120913
|
| 801 |
|
2 |
|a RU
|b 63413507
|c 20220112
|g RCR
|
| 942 |
|
|
|c BK
|